000 00751nam a2200205 i 4500
001 71029
003 ES-MaACL
005 20250809064354.0
007 t|
008 040805s1950 sp ||||1| spa d
100 1 _aGasperoni, Nicola.
_955898
245 1 4 _aLas acciones de las Sociedades Mercantiles /
_cNicola Gasperoni ; traducción de Francisco Javier Osset.
260 _aMadrid :
_bRevista de Derecho Privado,
_c[1950]
300 _aXV, 258 p. ;
_c24 cm.
490 1 _aSerie B, Monografías fundamentales de Derecho Privado y Público ;
_v27
700 1 _aOsset, Francisco Javier.
_987784
830 0 0 _aMonografías fundamentales de derecho privado y público
_v27
_9230222
852 _aES-MaACL
_jD-6673
_bR.31473
999 _c71029
_d71029